000 00724nam a2200205 a 4500
001 000039885
005 20201002033805.0
008 130726s1970 sp d 000 0 spa d
040 _aDO-SdBNP
_bspa
_cBNPHU
082 _axxx
100 1 _aAllen, R. G. D.
_q(Roy George Douglas)
_966096
240 1 0 _aMathematical analysis for economists
_lespañol
245 1 0 _aAnálisis matemático para economistas /
_cR. G. D. Allen ; tradución Emilio de Figueroa.
250 _a8a ed.
260 _aMadrid :
_bAguilar,
_c1970.
300 _axxiii, 548 p. :
_bdiagrs. ;
_c22 cm.
490 1 _aBiblioteca de ciencias sociales
700 1 _aFigueroa, Emilio de
_etr.
_949698
830 0 _aBiblioteca de ciencias sociales
_pEconomía
_966097
999 _c39375
_d39375